Artists By Song Titles - Statistics

General Stats
  • This quiz has been taken 172 times
  • The average score is 8 of 15
Answer Stats
Song Artist % Correct
I Kissed A Girl Katy Perry
93%
I Gotta Feeling The Black Eyed Peas
84%
Smooth Criminal Michael Jackson
82%
Whistle Flo Rida
68%
She Will Be Loved Maroon 5
68%
Lego House Ed Sheeran
66%
Houndog Elvis Presley
59%
Some Nights FUN
50%
Don't Worry Child Swedish House Mafia
41%
Chasing The Sun The Wanted
39%
That's Not My Name The Ting Tings
33%
Five Colours In Her Hair Mcfly
25%
The Flood Take That
25%
Express Yourself Labrinth
17%
Army Of Two Olly Murs
16%
No matching quizzes found
Score Distribution
Percent of People with Each Score
Percentile by Number Answered
Your Score History
You have not taken this quiz